| 000 | 00610nam a2200253Ia 4500 | ||
|---|---|---|---|
| 003 | OSt | ||
| 005 | 20221005125541.0 | ||
| 006 | a|||||r|||| 00| 0 | ||
| 007 | ta | ||
| 008 | 221004b |||||||| |||| 00| 0 eng d | ||
| 024 | _a61307 | ||
| 037 | _cTextual | ||
| 040 |
_aCRL _cCRL _beng |
||
| 041 |
_2eng _aeng |
||
| 082 | _aU21, H5 | ||
| 100 |
_aWooldridge _9636816 |
||
| 245 | 0 | _aPhysical basis of geography | |
| 260 | _c1945 | ||
| 300 |
_a427p. _ccm. |
||
| 650 | _aGEOGRAPHY | ||
| 700 |
_a Morgan _9636817 |
||
| 942 |
_hU21, H5 _cTEXL _2cc |
||
| 999 |
_c1054339 _d1054339 |
||